| 000 -LEADER |
| fixed length control field |
01009pab a2200157 454500 |
| 008 - FIXED-LENGTH DATA ELEMENTS--GENERAL INFORMATION |
| fixed length control field |
180718b2002 xxu||||| |||| 00| 0 eng d |
| 100 ## - MAIN ENTRY--PERSONAL NAME |
| Personal name |
Banerjee-Guha, Swapna |
| 245 ## - TITLE STATEMENT |
| Title |
Critical geographical praxis: globalisation and socio-spatial disorder |
| 260 ## - PUBLICATION, DISTRIBUTION, ETC. |
| Date of publication, distribution, etc. |
2002 |
| 300 ## - PHYSICAL DESCRIPTION |
| Extent |
p.4503-509. |
| 362 ## - DATES OF PUBLICATION AND/OR SEQUENTIAL DESIGNATION |
| Dates of publication and/or sequential designation |
2 Nov |
| 520 ## - SUMMARY, ETC. |
| Summary, etc. |
With the academisation of radical geographical thought and its further development from radical to critical in recent years, and a growing importance of emerging critique of erstwhile social theories in various disciplines, the globalisation discourse on space-time convergence is increasingly occupying a significant position in the ongoing debates in critical geography. It, therefore, becomes important to examine the process of globalisation with a spatial dialectical perspective and bring out the facets of political economy of space though such geographical researches. - Reproduced. |
| 650 ## - SUBJECT ADDED ENTRY--TOPICAL TERM |
| Topical term or geographic name entry element |
Globalization |
| 773 ## - HOST ITEM ENTRY |
| Main entry heading |
Economic and Political Weekly |
| 909 ## - |
| -- |
54430 |